000 01210 a2200325 4500
001 63744
005 20260407155937.0
008 260407a1995 arg spa d
003 AR-UNSa-BCEJYS
040 _aAR-UNSa-BCEJYS
_bspa
_cAR-UNSa-BCEJYS
080 _a657(083.74)
_xNormas Contables
245 1 0 _aAnteproyecto de normas contables profesionales de aplicación a la contabilidad de la hacienda pública
020 _a978-950-9687-40-0
264 1 _aBuenos Aires :
_bFACPCE (Federación Argentina de Consejos Profesionales de Ciencias Económicas)
_c1995
300 _a44 p.
_c22 cm.
041 _aspa
942 _cBK
590 _aniveau_biblio:m niveau_hierar:0
100 1 _aFederación Argentina de Consejos Profesionales de Ciencias Económicas. Centro de Estudios Científicos y Técnicos
700 1 _aBasile, Dante Sebastián
700 1 _aBenzrihen, Jorge Isaac
700 1 _aCortés de Trejo, Lea Cristina
700 1 _aDel Valle, Juan José Fermín
700 1 _aGurruchaga, Angel
700 1 _aLicciardo, Cayetano Antonio
700 1 _aOlazabal, Raúl Miguel
700 1 _aOstengo, Héctor Carlos
700 1 _aTorga, Pascual Alberto
700 1 _aWierna, Gustavo Enrique
999 _c8304
_d8304